• 首页
  • 本馆介绍
  • 公告通知
  • 最新文献
  • 馆藏检索
  • 电子资源
  • 读者导购
  • 参考咨询
  • 我的图书馆
  • 登录
  • 详细信息显示
  • 放入我的书架
  • 预约/预借图书
  • 作者相关作品
  • 分类相关作品
  • 丛书相关作品
  • 出版社相关作品

书目信息

  • 表格格式
  • 工作单格式
  • 卡片格式
题名:
实验化学
    
 
作者: 周泽宇 主编
分册:  
出版信息: 长沙   湖南大学出版社  2015.3
页数: 122页
开本: 23cm
丛书名:
单 册:
中图分类: G634.81
科图分类:
主题词: 化学实验--高中--教材
电子资源:
ISBN: 978-7-5667-0823-6
000 01327nam0 2200229 450
001 012015000222
005 20151130084554.23
010    @a978-7-5667-0823-6@dCNY20.00
100    @a20150416d2015 em y0chiy0110 ea
101 0  @achi
102    @aCN@b430000
105    @ay z 000yy
106    @ar
200 1  @a实验化学@Ashi yan hua xue@f周泽宇主编
210    @a长沙@c湖南大学出版社@d2015.3
215    @a122页@d23cm
330    @a本书以新课程理念为指导,依据最新高考考试说明的要求编写,共分为四个篇章:趣味篇、生活篇、探究篇、竞赛篇。每一篇章大都由“实验目的”、“实验原理”、“实验用品”、“实验步骤”、“问题讨论”等环节构成。本书开篇设置的是一系列具有趣味性的实验,旨在通过不可思议的实验现象调动和培养学生学习化学的兴趣与热忱。紧接着是一系列与日常生活息息相关的实验,旨在让学生体验到化学是一门与生活紧密联系的实用学科。然后设置的是一系列与学生日常化学学习紧密相关的探究性实验,旨在通过学生的主动探究自我生成化学基础知识与技能技巧。最后安排的是一系列竞赛实验,涉及大学无机化学、有机化学、分析化学三个方面相关的实验,这不仅体现了本校的办学特色及学校为满足个别学生的个性发展所做的努力,且能有效拓展学生化学知识学习的视野,培养学生致力于科学研究的钻研精神。
606 0  @a化学实验@x高中@j教材
690    @aG634.81@v5
701  0 @a周泽宇@Azhou ze yu@4主编
801  0 @aCN@b碧洲教育@c20151127
905    @a10447@f4@dG634.81@e1150
    
    实验化学/周泽宇主编.-长沙:湖南大学出版社,2015.3
    122页;23cm
    
    
    ISBN 978-7-5667-0823-6:CNY20.00
    本书以新课程理念为指导,依据最新高考考试说明的要求编写,共分为四个篇章:趣味篇、生活篇、探究篇、竞赛篇。每一篇章大都由“实验目的”、“实验原理”、“实验用品”、“实验步骤”、“问题讨论”等环节构成。本书开篇设置的是一系列具有趣味性的实验,旨在通过不可思议的实验现象调动和培养学生学习化学的兴趣与热忱。紧接着是一系列与日常生活息息相关的实验,旨在让学生体验到化学是一门与生活紧密联系的实用学科。然后设置的是一系列与学生日常化学学习紧密相关的探究性实验,旨在通过学生的主动探究自我生成化学基础知识与技能技巧。最后安排的是一系列竞赛实验,涉及大学无机化学、有机化学、分析化学三个方面相关的实验,这不仅体现了本校的办学特色及学校为满足个别学生的个性发展所做的努力,且能有效拓展学生化学知识学习的视野,培养学生致力于科学研究的钻研精神。
●
相关链接 在E读中查询图书 在五车中查询图书 在当当中查询图书 在豆瓣中查询图书


正题名:实验化学     索取号:G634.81/1150         预约/预借

序号 登录号 条形码 馆藏地/架位号 状态 备注
1 0871217   208712179   第一样本阅览室/ [索取号:G634.81/1150] 在馆    
2 0871218   208712188   密集书库-化学系/ [索取号:G634.81/1150] 在馆    
3 0871219   208712197   第四借阅区/ [索取号:G634.81/1150] 在馆    
4 0871220   208712204   第四借阅区/ [索取号:G634.81/1150] 在馆    
唐山师范学院图书馆 欢迎您!
大连网信软件有限公司© 版权所有